Grunty's Game Quiz - Statistics

General Stats
  • This quiz has been taken 12 times
  • The average score is 11 of 24
Answer Stats
Picture Hint Answer % Correct
Nintendo Wii U Mario Kart 8
100%
N64 Super Mario 64
100%
Playstation 4 Kingdom Hearts 3
82%
Nintendo Wii Super Smash Bros Brawl
73%
Playstation 4 Horizon Zero Dawn
64%
Nintendo Gamecube Luigis Mansion
64%
Nintendo DS Mario Kart DS
64%
N64 Ocarina of Time
64%
PC Rollercoaster Tycoon
64%
PC Genshin Impact
55%
Nintendo Switch Pikmin 4
55%
Playstation 4 Final Fantasy 7 Remake
45%
Nintendo 64 Diddy Kong Racing
36%
Nintendo 64 Pokemon Stadium 2
36%
PC World of Warcraft
36%
Nintendo Switch Xenoblade Chronicles 2
36%
PC Bloons TD 6
27%
N64 Kirby 64 The Crystal Shards
27%
Nintendo Switch Princess Peach Showtime
27%
PS3 Skyrim
27%
Playstation 5 Stellar Blade
27%
Playstation 4 Crash Bandicoot 4
18%
Nintendo DS Apollo Justice Ace Attorney
9%
Nintendo Wii Mario Party 8
9%
No matching quizzes found
Score Distribution
Percent of People with Each Score
Percentile by Number Answered
Your Score History
You have not taken this quiz